MZK Stalowa Wola - linia 14 -> Okulickiego - Hala Targowa - Statystyki

Ogólne statystyki
  • Ten quiz został rozwiązany 13 razy
  • Średni wynik to 11 z 21
Statystyki odpowiedzi
Numer Przystanek % Poprawnych
20 Okulickiego - Hala Targowa
90%
8 Agatówka
60%
14 Rozwadów - Rynek
60%
11 Sandomierska - Modrzewiowa
60%
13 Sandomierska - Muzeum
60%
12 Sandomierska - PKP
60%
9 Sandomierska - Ziołowa
60%
7 Turbia Lotnisko
60%
6 Turbia Szkoła
60%
1 Zaleszany
60%
0 Zaleszany Kościół
60%
2 Zbydniów Karczmiska
60%
15 Al. Jana Pawła II - Cmentarz
50%
16 Al. Jana Pawła II - Os. Młodynie
50%
17 Al. Jana Pawła II - Straż
50%
4 Zbydniów Centrum
50%
5 Zbydniów Stacja Paliw
50%
18 Al. Jana Pawła II - Os. Centralne I
40%
19 Popiełuszki - Sąd
40%
10 Sandomierska - Przystanek Kolejowy
30%
3 Zbydniów Poczta
30%
Nie znaleziono quizów pasujących do podanych kryteriów
Rozkład punktacji
Procent ludzi z każdym wynikiem
Percentyl według liczby udzielonych odpowiedzi
Twoja historia wyników
Nie rozwiązałeś tego quizu